| 000 | 00453nam a2200181 a 4500 | ||
|---|---|---|---|
| 001 | 1767765542765 | ||
| 003 | YourLibrary | ||
| 005 | 20260107144641.0 | ||
| 008 | 260107s2009##################000#0#eng## | ||
| 020 | _a9780205628063 | ||
| 082 | 0 | 4 |
_a301 _bSUL |
| 100 | 1 |
_aSullivan, Thomas J., _eauthor. |
|
| 245 | 1 | 0 | _aSociology : |
| 260 |
_bAllyn & Bacon, _c2009. |
||
| 650 | 0 | _aSociology. | |
| 942 | _cENGLISH | ||
| 040 |
_aYourLibrary _beng _cYourLibrary |
||
| 999 |
_c607537 _d607537 |
||